000 00935nac a22002897a 4500
001 BR8902276
003 BR-BrBNA
005 20240105120946.0
008 230509b bl.|||m| |||| 00| 0 por d
040 _aBR-BrBNA
_bpor
_cBiblioteca Nacional de Agricultura
072 _aF30; F63
090 _aF30 BR8902276
100 1 _aLima, J.A. de S.
100 1 _aSilva, L.S.
110 1 _aUnidade de Execucao de Pesquisa de Ambito Territorial de Macapa, AP (Brasil)
_910392
245 1 _aIntroducao de progenies de guarana no Amapa
260 3 _aAmapa, AP (Brasil):
_c1988.
300 _a3 p.
490 _aPesquisa em Andamento - Unidade de Execucao de Pesquisa de Ambito Estadual Territorial de Macapa (Brazil)
_vno. 67
_x
650 _aGUARANA
650 _aPROGENIE
650 _aAMAPA
650 _aPOLINIZACAO
650 _aFECUNDACAO VEGETAL
909 _a202312
_bLúcia Elande
_c55
_dLúcia Elande
942 _2AGRIS
_n0
_cMS
999 _c282443
_d282443